Enrutadores CISCO : fundamentos y aplicación en una red

Este trabajo de carácter experimental presenta un informe resumen sobre el proceso investigativo y práctica obtenida en el diseño de una red WAN.

Bibliographic Details
Main Author: Urbina Loásiga, Rosa Amanda
Other Authors: Tutor: Barrios Aguirre, Glenda del Socorro
Format: Tesis Section = Libro
Language:Undetermined
Spanish
Published: Managua UNI 2002
Subjects:
LEADER 01092nam a2200301Ia 4500
008 240830s9999 xx 000 0 und d
040 |a BIBLIOTECA-RUSB/ Mon 004.65 U73 
041 |a spa 
082 |a Mon 004.65 U73 
100 1 |a Urbina Loásiga, Rosa Amanda 
245 1 0 |a Enrutadores CISCO : fundamentos y aplicación en una red 
260 |a Managua  |b UNI  |c 2002 
300 |a 230 p. :il. 
500 |a Contiene: apéndices. 
502 |a Tesis (Ingeniero en Computación) - UNI, 2002. 
520 3 |a Este trabajo de carácter experimental presenta un informe resumen sobre el proceso investigativo y práctica obtenida en el diseño de una red WAN. 
650 7 |a REDES DE COMUNICACIÓN POR COMPUTADORAS 
650 7 |b  TIPOLOGÍA DE REDES 
650 7 |c  INTERNET WORKING 
650 7 |d  ENRUTADORES CISCO 
650 7 |e  TECNOLOGÍAS WAN 
650 7 |f  SISTEMA OPERATIVO IOS 
650 7 |g  REINGENIERÍA DE RED UPONIC 
650 7 |h  CONFIGURACIÓN DE UN SERVIDOR 
700 1 |a Tutor:  |b Barrios Aguirre, Glenda del Socorro 
942 |c BK  |2 ddc 
991 |a TESIS 
999 |c 19646